000 00655nam a22002057a 4500
999 _c5658
_d5658
003 AR-CdUCM
008 190313b ||||| |||| 00| 0 spa d
040 _aMUNICIPALIDAD PROVINCIAL DEL CUSCO
_cBIBLIOTECA MUNICIPAL DEL CUSCO
082 _a861.41 /
_bV42
100 _aVega, Fernán de la
_915677
245 _aEl inmóvil torrente :
_bSonetos en brega 1939-1960 /
260 _aNueva York :
_bTalleres Hispanic Printing Corporation,
_c1975.
300 _a33 paginas
_c21 cm.
500 _aDonación familia Nieto
505 _aContenido : Poesía /
650 _aLiteratura
_9416
650 _aPoesía
_9139
942 _2ddc
_cLIBROS
945 _arjall